Statistiques concernant Pays dans leur propre alphabet

Cliquez ici pour prendre le quiz!

Statistiques générales

  • Ce quiz a été pris 68 fois
  • Le résultat moyen est 8 sur 20

Statistiques - réponses

leur alphabetscript anglais% Correct
РоссияRossiya Russie
86%
ΕλλάδαElláda Grèce
80%
대한민국Daehanminguk Corée du Sud
74%
ҚазақстанQazaqstan Kazakhstan
69%
יִשְׂרָאֵל Yisra'elIsraël
60%
КыргызстанKyrgyzstan Kirghizistan
60%
ایرانIran Iran
51%
ЎзбекистонUzbekiston Ouzbékistan
46%
БългарияB'lgariya Bulgarie
45%
भारत ; భారతదేశంBharat Inde
28%
ኢትዮጵያʾItyoppya Éthiopie
26%
नेपालNe'pal Népal
26%
საქართველოSakartvelo Géorgie
25%
ប្រទេស​កម្ពុជាKampuchea Cambodge
22%
ⵍⵎⴰⵖⵔⵉⴱ ; المغرب‎Lmaghrib; al-Maghrib Maroc
17%
ශ්‍රී ලංකාව ; இலங்கைSri Lamka; Ilankai Sri Lanka
17%
ՀայաստանHayastanArménie
14%
ລາວ LaoLaos
14%
ሃገረ ኤርትራEretra Érythrée
11%
འབྲུག་རྒྱལ་Dru Ü Bhoutan
8%

Distribution des résultats

Percentile par nombre de réponses

% des personnes avec chaque résultat

Votre développement - résultats

Vous n’avez pas pris ce quiz